Score 0/12 Timer 03:00
1 Play Today
% Correct
Algeria
86%
Nigeria
81.8%
Somalia
78.3%
Morocco
77.6%
Namibia
76.5%
Tunisia
74.8%
Senegal
71.9%
Eritrea
67.3%
Liberia
66.7%
Lesotho
65.6%
Burundi
56.5%
Comoros
54.4%
Remove Ads.
Support Sporcle.
Get the best of Sporcle when you Go Orange. This ad-free experience offers more features, more stats, and more fun while also helping to support Sporcle. Thank you for becoming a member.

You're not logged in!

Compare scores with friends on all Sporcle quizzes.
OR
Log In

Sporcle TV

Today on Sporcle TV


Watch our educational content, quiz creation guides, and fun videos on Sporcle TV.

Show Comments

Extras

Top Quizzes Today


Score Distribution

Paid Content

Your Account Isn't Verified!

In order to create a playlist on Sporcle, you need to verify the email address you used during registration. Go to your Sporcle Settings to finish the process.

Report this User

Report this user for behavior that violates our Community Guidelines.

Details: